000 00345nam a2200133Ia 4500
005 20251222144807.0
008 251222s9999||||xx |||||||||||||| ||spa||
020 _a84600-5149-8
082 _a808/C549
100 _aChico Rico, Francisco
245 0 _aPragmática y Construcción Literaria:
264 _bUniversidad de Alicante
942 _cLIB
999 _c19969
_d19969